000 00442pab a2200181 454500
008 180718b2011 xxu||||| |||| 00| 0 eng d
100 _aRamana, T.V.
245 _aPerformance of rural credit schemes in India
260 _c2011
300 _ap.14-17.
362 _aJun
650 _aCredit - India
650 _aAgricultural credit - India
650 _aAgricultural credit
773 _aKurukshetra
908 _aN
909 _a91997
999 _c91997
_d91997